书目信息 |
| 题名: |
晶体位错理论基础
|
|
| 作者: | 杨顺华 著 | |
| 分册: | ||
| 出版信息: | 北京 科学出版社 1988.12 |
|
| 页数: | 607页 | |
| 开本: | 32开 | |
| 丛书名: | ||
| 单 册: | ||
| 中图分类: | O772 | |
| 科图分类: | ||
| 主题词: | 晶体缺陷 | |
| 电子资源: | ||
| ISBN: | 7-03-000547-3 | |
| 000 | 00539nam0 2200193 45 | |
| 001 | 0009041616 | |
| 005 | 20000904170054.2 | |
| 010 | @a7-03-000547-3@d39.50元 | |
| 100 | @a20000904d1988 km y0chiy0120 ea | |
| 101 | 0 | @achi |
| 105 | @a z 000yy | |
| 200 | 1 | @a晶体位错理论基础@AJing Ti Wei Cuo Li Lun Ji Chu@f杨顺华著@FYang Shun Hua Zhu |
| 210 | @a北京@c科学出版社@d1988.12 | |
| 215 | @a607页@d32开 | |
| 606 | 0 | @a晶体缺陷 |
| 690 | @aO772@v3 | |
| 701 | 0 | @a杨顺华@4著 |
| 801 | @aCN@bPftUser@c20000904 | |
| 905 | @b119005-006@dO772@eY331@f2 | |
| 晶体位错理论基础/杨顺华著.-北京:科学出版社,1988.12 |
| 607页;32开 |
| ISBN 7-03-000547-3:39.50元 |
| ● |
| 相关链接 |
|
|
|
正题名:晶体位错理论基础
索取号:O772/Y331
 
预约/预借
| 序号 | 登录号 | 条形码 | 馆藏地/架位号 | 状态 | 备注 |
| 1 | 119005 | 201190059 | 自科库401/401自科库 66排4列5层/ [索取号:O772/Y331] | 在馆 | |
| 2 | 119006 | 201190068 | 自科库401/401自科库 66排4列5层/ [索取号:O772/Y331] | 在馆 |